LIBRARY & INFORMATION CENTRE, KCAET, TAVANUR

ONLINE PUBLIC ACCESS CATALOGUE (OPAC)

Probiotic Food : Technology, Safety and Human Health (Record no. 15617)

MARC details
000 -LEADER
fixed length control field 00380nam a22001457a 4500
003 - CONTROL NUMBER IDENTIFIER
control field OSt
008 - FIXED-LENGTH DATA ELEMENTS--GENERAL INFORMATION
fixed length control field 190520b ||||| |||| 00| 0 eng d
020 ## - INTERNATIONAL STANDARD BOOK NUMBER
ISBN 9789384337315
082 ## - DEWEY DECIMAL CLASSIFICATION NUMBER
Classification number 664
Item number TRI/PR
100 ## - MAIN ENTRY--AUTHOR NAME
Personal name Tripathi, M K
245 ## - TITLE STATEMENT
Title Probiotic Food : Technology, Safety and Human Health
260 ## - PUBLICATION, DISTRIBUTION, ETC. (IMPRINT)
Place of publication Delhi
Name of publisher Jaya Publishing House
Year of publication 2015
300 ## - PHYSICAL DESCRIPTION
Number of Pages 448 p.
942 ## - ADDED ENTRY ELEMENTS (KOHA)
Koha item type Books
Holdings
Withdrawn status Lost status Damaged status Collection code Home library Current library Shelving location Date acquired Cost, normal purchase price Full call number Accession Number Koha item type
      Non-fiction KAUAET KAUAET General Stacks 20/05/2019 3895.00 664 TRI/PR 25814 Books
free website counter